Préfectures "Spéciales" Mort Subite - Statistiques

Statistiques générales
  • Ce quiz a été pris 106 fois
  • Le résultat moyen est 10 sur 19
Answers on the Grid
Answers color-coded by a green-red scale on the quiz's grid according to % correct below.
08
01
14
972
06
22
93
974
16
94
04
07
92
64
66
39
43
42
72
40
51
91
02
12
55
63
84
48
85
17
971
50
 
Statistiques - réponses
Réponse % Correct
01
81%
972
65%
22
62%
85
62%
971
62%
40
58%
50
58%
974
58%
08
54%
39
50%
63
50%
72
50%
17
46%
55
46%
91
46%
04
42%
42
42%
51
42%
43
38%
Aucun quiz correspondant
Distribution des résultats
% des personnes avec chaque résultat
Percentile par nombre de réponses
Votre historique - résultats
Vous n’avez pas pris ce quiz